[Event "4NCL/Div2/OXF1 vs. RIC"]
[Site "Wokefield Park ENG"]
[Date "2007.05.06"]
[Round "10.1"]
[White "Savage, Ben D"]
[Black "Markos, Jan"]
[Result "0-1"]
[WhiteElo "2332"]
[BlackElo "2534"]
[PlyCount "78"]
[EventDate "2007.05.06"]

1. e4 c5 2. Nf3 Nc6 3. d4 cxd4 4. Nxd4 e5 5. Nb5 d6 6. N1c3 Nf6 7. Bg5 a6 8.
Na3 b5 9. Bxf6 gxf6 10. Nd5 Bg7 11. Bd3 Ne7 12. Nxe7 Qxe7 13. c3 f5 14. Nc2 O-O
15. exf5 e4 16. Be2 Bxf5 17. a4 bxa4 18. Rxa4 a5 19. Qd5 Be5 20. Ne3 Bg6 21.
Rxa5 Rxa5 22. Qxa5 Qb7 23. Nd1 f5 24. Qb5 Qe7 25. Ne3 f4 26. Nc4 Bg7 27. Qd5+
Bf7 28. Qxd6 Qg5 29. g3 f3 30. Bf1 Rd8 31. Qf4 Qc5 32. Qe3 Qb5 33. Qb6 Qd5 34.
Qb3 e3 35. Qc2 e2 36. Ne3 Qa8 37. Qc1 Bh6 38. Bxe2 fxe2 39. Kxe2 Bc4+ 0-1

[Event "4NCL/Div2/OXF1 vs. RIC"]
[Site "Wokefield Park ENG"]
[Date "2007.05.06"]
[Round "10.2"]
[White "Cech, Pavel"]
[Black "Ozeren, Kemal"]
[Result "1-0"]
[WhiteElo "2403"]
[BlackElo "2310"]
[PlyCount "57"]
[EventDate "2007.05.06"]

1. d4 d5 2. c4 c6 3. Nc3 Nf6 4. Nf3 a6 5. c5 Nbd7 6. Bf4 Nh5 7. Bg5 h6 8. Bd2
g6 9. e4 dxe4 10. Nxe4 Ndf6 11. Nxf6+ Nxf6 12. Bc4 Bg7 13. O-O O-O 14. Qb3 Nd5
15. Rfe1 e6 16. Rad1 Qc7 17. Ne5 Ne7 18. Bf4 g5 19. Bc1 Rb8 20. h4 b6 21. hxg5
bxc5 22. Qh3 hxg5 23. Bxg5 Nf5 24. Ng4 f6 25. Rxe6 Bxe6 26. Bxe6+ Rf7 27. Nxf6+
Bxf6 28. Bxf6 Ng7 29. Qh6 1-0

[Event "4NCL/Div2/OXF1 vs. RIC"]
[Site "Wokefield Park ENG"]
[Date "2007.05.06"]
[Round "10.3"]
[White "Rose, Matthew"]
[Black "Wall, Gavin"]
[Result "1-0"]
[WhiteElo "2225"]
[BlackElo "2324"]
[PlyCount "51"]
[EventDate "2007.05.06"]

1. e4 e5 2. Nf3 d6 3. d4 exd4 4. Nxd4 Nf6 5. Nc3 Be7 6. g3 d5 7. e5 Ne4 8. Nxe4
dxe4 9. Bf4 O-O 10. Bg2 f5 11. exf6 Bxf6 12. Nb5 Na6 13. Qxd8 Rxd8 14. c3 c6
15. Nd6 Nc5 16. O-O g5 17. Be3 Rxd6 18. Bxc5 Rd5 19. Be3 Bf5 20. f3 exf3 21.
Rxf3 Be7 22. Rf2 Rd3 23. Bd4 Bg4 24. Be4 Rd1+ 25. Rxd1 Bxd1 26. Bf5 1-0

[Event "4NCL/Div2/OXF1 vs. RIC"]
[Site "Wokefield Park ENG"]
[Date "2007.05.06"]
[Round "10.4"]
[White "Bates, Richard A"]
[Black "White, Michael J R"]
[Result "1-0"]
[WhiteElo "2374"]
[BlackElo "2260"]
[PlyCount "31"]
[EventDate "2007.05.06"]

1. d4 Nf6 2. Nf3 c5 3. d5 b5 4. Bg5 Ne4 5. Bf4 Bb7 6. Qd3 f5 7. Nc3 c4 8. Qd4
Qa5 9. Bd2 Nxc3 10. bxc3 e6 11. dxe6 dxe6 12. Ne5 Ba3 13. Nxc4 bxc4 14. Qxg7
Be4 15. Qxh8+ Kd7 16. e3 1-0

[Event "4NCL/Div2/OXF1 vs. RIC"]
[Site "Wokefield Park ENG"]
[Date "2007.05.06"]
[Round "10.5"]
[White "Boytsun, Olena"]
[Black "Osborne, Marcus E"]
[Result "1/2-1/2"]
[WhiteElo "2281"]
[BlackElo "2253"]
[PlyCount "85"]
[EventDate "2007.05.06"]

1. d4 d5 2. c4 e6 3. Nc3 Be7 4. Nf3 Nf6 5. Bg5 O-O 6. e3 h6 7. Bxf6 Bxf6 8. Bd3
dxc4 9. Bxc4 c5 10. O-O cxd4 11. Nxd4 Qb6 12. Nb3 Qb4 13. Qd3 Nc6 14. a3 Qb6
15. f4 Rd8 16. Qe4 Ne7 17. Na4 Qc6 18. Qxc6 Nxc6 19. Rad1 Rxd1 20. Rxd1 Rb8 21.
Nc3 Bxc3 22. bxc3 e5 23. Nc5 Bg4 24. Rd6 Na5 25. Bd3 exf4 26. exf4 Re8 27. Kf2
b6 28. Ne4 Nb7 29. Rd4 Kf8 30. h3 Bf5 31. Kf3 Bxe4+ 32. Bxe4 Nc5 33. Bc6 Rc8
34. Bb5 Ke7 35. h4 Rc7 36. Rd1 a6 37. Be2 a5 38. Bb5 f5 39. Rd5 Ne6 40. c4 g6
41. Ke3 h5 42. Re5 Rc5 43. Rxc5 1/2-1/2

[Event "4NCL/Div2/OXF1 vs. RIC"]
[Site "Wokefield Park ENG"]
[Date "2007.05.06"]
[Round "10.6"]
[White "Franklin, Michael J"]
[Black "Milovanovic, Aleksander"]
[Result "1-0"]
[WhiteElo "2215"]
[BlackElo "2258"]
[Annotator "Armstrong,Malcolm"]
[PlyCount "79"]
[EventDate "2007.05.06"]

1. d4 Nf6 2. Nf3 c5 3. e3 e6 4. Bd3 Nc6 5. c3 d5 6. Nbd2 Be7 7. O-O O-O 8. dxc5
e5 9. e4 Bxc5 10. Qe2 Re8 11. exd5 Nxd5 12. Ne4 Bf8 13. Bg5 f6 14. Rad1 Be6 15.
Bc1 Kh8 16. Bc4 Qa5 17. b4 Ndxb4 18. Bxe6 Rxe6 19. cxb4 Qxb4 20. Qc2 Rc8 21. a3
Qe7 22. Qa2 Na5 23. Bd2 Nc6 24. Be3 Nd4 25. Bxd4 exd4 26. Ng3 Ra6 27. a4 b5 28.
Rxd4 Qe8 29. Re1 Qc6 30. axb5 Qxb5 31. Qd5 Qb2 32. h4 Rac6 33. h5 Rc5 34. Qe6
R5c6 35. Qe4 Rc2 36. Re2 Rc1+ 37. Kh2 Qb8 38. h6 g6 39. Qh4 g5 40. Qh5 {time}
1-0

[Event "4NCL/Div2/OXF1 vs. RIC"]
[Site "Wokefield Park ENG"]
[Date "2007.05.06"]
[Round "10.7"]
[White "Eckersley-Waites, Tom"]
[Black "Meyer, Gordon"]
[Result "1-0"]
[WhiteElo "2175"]
[BlackElo "2177"]
[PlyCount "73"]
[EventDate "2007.05.06"]

1. e4 c5 2. Nf3 d6 3. Bb5+ Nd7 4. d4 cxd4 5. Qxd4 a6 6. Bxd7+ Bxd7 7. Bg5 h6 8.
Bh4 Bc6 9. O-O Qd7 10. Nbd2 e5 11. Qd3 g5 12. Bg3 Nf6 13. Rfd1 Qe6 14. c4 Rd8
15. Rac1 Nd7 16. b4 f6 17. Nb3 b6 18. Ne1 Be7 19. Nc2 f5 20. exf5 Qf7 21. Ne3
O-O 22. f3 b5 23. Na5 bxc4 24. Qc2 Ba8 25. Naxc4 d5 26. Nxe5 Nxe5 27. Bxe5 Bxb4
28. Ng4 Qh7 29. Qc7 Be7 30. f6 Rd7 31. fxe7 Qxe7 32. Qc2 Qe6 33. Bd4 h5 34. Re1
Qd6 35. Ne5 Rg7 36. Bc5 Qc7 37. Bxf8 1-0

[Event "4NCL/Div2/OXF1 vs. RIC"]
[Site "Wokefield Park ENG"]
[Date "2007.05.06"]
[Round "10.8"]
[White "Chevannes, Sabrina"]
[Black "Shaw, David A"]
[Result "0-1"]
[WhiteElo "2080"]
[BlackElo "2210"]
[PlyCount "122"]
[EventDate "2007.05.06"]

1. d4 d5 2. Nf3 Nf6 3. Bf4 c5 4. e3 Nc6 5. c3 Qb6 6. Qc1 Bf5 7. Ne5 e6 8. Nd2
Nxe5 9. Bxe5 Nd7 10. Bg3 Be7 11. Be2 O-O 12. O-O Rac8 13. Nf3 h6 14. a4 c4 15.
Nd2 Rfe8 16. Bf3 Qc6 17. Re1 Bg5 18. h4 Be7 19. e4 Bh7 20. e5 Qb6 21. Bg4 Qd8
22. h5 Nb8 23. f4 Nc6 24. Rf1 Bd3 25. Rf2 Na5 26. f5 Bg5 27. fxe6 fxe6 28. Bf4
Rc6 29. Bd1 Rf8 30. Bxg5 Qxg5 31. Rxf8+ Kxf8 32. Bc2 Be2 33. Bg6 Rc7 34. Qe1
Bxh5 35. Qf2+ Kg8 36. Bxh5 Qxh5 37. Rf1 Rf7 38. Nf3 Nc6 39. Qg3 Ne7 40. Qe1 Nf5
41. Nd2 Qg4 42. Rf2 a6 43. Nf1 Qg5 44. Qe2 h5 45. Rf3 Qc1 46. Kh2 g6 47. Qf2 g5
48. Qe2 g4 49. Rf2 Qg5 50. Kg1 b5 51. Qd1 b4 52. cxb4 Rb7 53. b5 axb5 54. axb5
g3 55. Rf3 Qg4 56. Qa4 Qxd4+ 57. Kh1 Qh4+ 58. Kg1 Qd4+ 59. Kh1 Ra7 60. Qc2 Qh4+
61. Kg1 Ra1 0-1

[Event "4NCL/Div2/WES1 vs. GUI3"]
[Site "Wokefield Park ENG"]
[Date "2007.05.06"]
[Round "10.1"]
[White "Poulton, James"]
[Black "Povah, Nigel E"]
[Result "1-0"]
[WhiteElo "2368"]
[BlackElo "2360"]
[PlyCount "81"]
[EventDate "2007.05.06"]

1. d4 Nf6 2. Nf3 e6 3. c4 c5 4. d5 exd5 5. cxd5 d6 6. Nc3 g6 7. Nd2 Nbd7 8. e4
Bg7 9. Nc4 Nb6 10. Ne3 O-O 11. Bd3 Re8 12. O-O Bd7 13. f4 Rb8 14. Qf3 h5 15. f5
Qe7 16. fxg6 fxg6 17. Qg3 Qe5 18. Qxg6 Rf8 19. Bb5 Bxb5 20. Nxb5 Ng4 21. Rxf8+
Rxf8 22. Nxg4 hxg4 23. Bh6 Nc8 24. Nc3 Qd4+ 25. Kh1 Qf6 26. Qxg7+ Qxg7 27. Bxg7
Kxg7 28. Kg1 a6 29. a4 Ne7 30. Nd1 Kf6 31. Ne3 Kg5 32. Nc4 Nc8 33. a5 Re8 34.
Re1 Kf4 35. Rf1+ Kg5 36. Rf5+ Kg6 37. Rf4 Kh5 38. Kf2 Rg8 39. Kg3 Rg6 40. Rf7
Kg5 41. Rxb7 1-0

[Event "4NCL/Div2/WES1 vs. GUI3"]
[Site "Wokefield Park ENG"]
[Date "2007.05.06"]
[Round "10.2"]
[White "Muir, Andrew J"]
[Black "Allicock, Rawle A"]
[Result "1-0"]
[WhiteElo "2350"]
[BlackElo "2304"]
[PlyCount "80"]
[EventDate "2007.05.06"]

1. d4 Nf6 2. c4 e6 3. Nc3 Bb4 4. e3 O-O 5. Bd3 d5 6. Nf3 c5 7. O-O Nc6 8. a3
Ba5 9. cxd5 exd5 10. dxc5 Bxc3 11. bxc3 Qa5 12. c4 dxc4 13. Bxc4 Qxc5 14. Qe2
Bg4 15. Bb2 Rad8 16. Rac1 Qf5 17. h3 Bh5 18. Qc2 Qxc2 19. Rxc2 Bg6 20. Rcc1 Bd3
21. Bxd3 Rxd3 22. Rfd1 Rb3 23. Rc2 a5 24. Kf1 Ne4 25. Nd4 Nxd4 26. Rxd4 Nf6 27.
e4 Re8 28. a4 h6 29. f3 b5 30. axb5 Rxb5 31. Rd6 Nh5 32. Rd5 Reb8 33. Be5 Rb1+
34. Kf2 Ra8 35. Bc7 a4 36. Rxh5 a3 37. Ra2 g5 38. Rxh6 Rc8 39. Be5 f6 40. Rxf6
Rcc1 1-0

[Event "4NCL/Div2/WES1 vs. GUI3"]
[Site "Wokefield Park ENG"]
[Date "2007.05.06"]
[Round "10.3"]
[White "Upton, Ian J"]
[Black "Buckley, Graeme"]
[Result "0-1"]
[WhiteElo "2266"]
[BlackElo "2390"]
[PlyCount "82"]
[EventDate "2007.05.06"]

1. d4 g6 2. e4 Bg7 3. c4 d6 4. Nc3 Nf6 5. Nf3 O-O 6. Be2 e5 7. O-O Nbd7 8. Qc2
c6 9. Rd1 Qe7 10. Rb1 exd4 11. Nxd4 Nc5 12. f3 a5 13. Bf1 Nh5 14. g4 Nf6 15.
Bf4 Ne8 16. Qf2 Be5 17. Be3 Ng7 18. f4 Bxd4 19. Rxd4 Bxg4 20. h3 Bh5 21. Re1 f5
22. Rxd6 Nxe4 23. Nxe4 fxe4 24. c5 g5 25. Qg3 Nf5 26. Qxg5+ Qxg5+ 27. fxg5 Nxd6
28. cxd6 Rad8 29. h4 Rxd6 30. Bc5 Rd2 31. Bxf8 Kxf8 32. Rxe4 Rxb2 33. Ra4 b6
34. Bg2 c5 35. a3 Rd2 36. Rf4+ Ke7 37. Rf6 Rd6 38. Rf2 b5 39. Be4 Bg6 40. Bf3
c4 41. Rb2 c3 0-1

[Event "4NCL/Div2/WES1 vs. GUI3"]
[Site "Wokefield Park ENG"]
[Date "2007.05.06"]
[Round "10.4"]
[White "Richardson, Keith B"]
[Black "Corkett, Anthony R"]
[Result "1-0"]
[WhiteElo "2236"]
[BlackElo "2335"]
[PlyCount "87"]
[EventDate "2007.05.06"]

1. c4 Nf6 2. Nc3 e6 3. Nf3 Bb4 4. e3 b6 5. Be2 Bb7 6. O-O O-O 7. Qc2 Nc6 8. a3
Bxc3 9. Qxc3 d6 10. b4 e5 11. Bb2 Qe7 12. d3 Rfe8 13. a4 a5 14. b5 Nd8 15. d4
e4 16. Nd2 Ne6 17. f3 exf3 18. Bxf3 Bxf3 19. gxf3 Nh5 20. Kh1 Ng5 21. Rae1 Nh3
22. Ne4 Qh4 23. Re2 Re6 24. Rg2 Rg6 25. Qe1 Qxe1 26. Rxe1 f5 27. Nc3 Ng5 28.
Nd5 Nxf3 29. Rf1 Nh4 30. Rxg6 hxg6 31. Nxc7 Rc8 32. Nd5 Rxc4 33. Nxb6 Rc2 34.
Ba3 Nf6 35. Bxd6 g5 36. Bg3 Ng6 37. Rxf5 Ne4 38. Nd5 Nh4 39. Bxh4 gxh4 40. Nf4
Nf2+ 41. Kg1 Ng4 42. Nd5 Ra2 43. b6 Rxa4 44. b7 1-0

[Event "4NCL/Div2/WES1 vs. GUI3"]
[Site "Wokefield Park ENG"]
[Date "2007.05.06"]
[Round "10.5"]
[White "Webb, Richard M"]
[Black "Tymrakiewicz, Rafal"]
[Result "0-1"]
[WhiteElo "2279"]
[BlackElo "2238"]
[PlyCount "68"]
[EventDate "2007.05.06"]

1. e4 Nf6 2. e5 Nd5 3. c4 Nb6 4. d4 d6 5. f4 dxe5 6. fxe5 c5 7. d5 e6 8. Nc3
exd5 9. cxd5 c4 10. Nf3 Bg4 11. Be2 Bc5 12. Rf1 Bxf3 13. Rxf3 Qh4+ 14. g3 Qxh2
15. Ne4 O-O 16. Nxc5 Qg1+ 17. Bf1 Qxc5 18. Be3 Qb4+ 19. Kf2 Qxb2+ 20. Kg1 Qxe5
21. d6 Nc6 22. Bf4 Qc5+ 23. Be3 Qe5 24. Bf4 Qd4+ 25. Be3 Qg4 26. Bf2 Qg5 27.
Be3 Qg6 28. Bf4 Rad8 29. Rc1 Qh5 30. Be2 Qd5 31. Re3 Qc5 32. Kh2 g5 33. Bxc4
Nxc4 34. Qh5 f6 0-1

[Event "4NCL/Div2/WES1 vs. GUI3"]
[Site "Wokefield Park ENG"]
[Date "2007.05.06"]
[Round "10.6"]
[White "Anderton, Matthew N"]
[Black "Simons, Martin J"]
[Result "1/2-1/2"]
[WhiteElo "2225"]
[BlackElo "2224"]
[PlyCount "135"]
[EventDate "2007.05.06"]

1. e4 Nc6 2. Nf3 d5 3. exd5 Qxd5 4. Nc3 Qa5 5. d4 Bg4 6. Bb5 a6 7. Bxc6+ bxc6
8. Qd3 Qf5 9. Ne5 Qxd3 10. cxd3 Bd7 11. Ne4 f6 12. Nxd7 Kxd7 13. Nc5+ Kd6 14.
Bd2 e5 15. Nxa6 exd4 16. Bb4+ Kd7 17. Bxf8 Rxf8 18. Nc5+ Kd6 19. b4 Ne7 20. Kd2
Nd5 21. a3 Nf4 22. Rhe1 Re8 23. g3 Ne6 24. Nxe6 Rxe6 25. Rxe6+ Kxe6 26. Rc1 Kd6
27. Rc4 Ra8 28. Rxd4+ Ke6 29. Re4+ Kd6 30. Rd4+ Ke6 31. Rc4 Rxa3 32. Rxc6+ Kd7
33. Rc4 Rb3 34. Ke3 Kd6 35. Rg4 g5 36. h4 h6 37. Rd4+ Ke6 38. Re4+ Kd6 39. h5
Kd7 40. g4 Rb2 41. f3 Rb3 42. Rd4+ Ke7 43. Ke4 Ke6 44. Rc4 Kd6 45. f4 gxf4 46.
Rd4+ Ke6 47. Kxf4 Rb1 48. Re4+ Kf7 49. Rc4 c6 50. Rxc6 Rxb4+ 51. Rc4 Rb1 52.
Re4 Rf1+ 53. Ke3 Re1+ 54. Kd4 Rf1 55. Kd5 f5 56. gxf5 Rxf5+ 57. Re5 Rf6 58. d4
Ra6 59. Ke4 Ra4 60. Rc5 Kf6 61. Rf5+ Ke6 62. Re5+ Kf6 63. Rb5 Rc4 64. Kd5 Ra4
65. Kc5 Kf5 66. Kc6+ Ke4 67. d5 Ke5 68. d6+ 1/2-1/2

[Event "4NCL/Div2/WES1 vs. GUI3"]
[Site "Wokefield Park ENG"]
[Date "2007.05.06"]
[Round "10.7"]
[White "Yeo, Michael J"]
[Black "Horton, Justin"]
[Result "0-1"]
[WhiteElo "2147"]
[BlackElo "2140"]
[PlyCount "64"]
[EventDate "2007.05.06"]

1. e4 e5 2. Nf3 Nc6 3. Bc4 Bc5 4. b4 Bxb4 5. c3 Be7 6. d4 Na5 7. Be2 exd4 8.
Qxd4 Kf8 9. O-O d6 10. Rd1 Nc6 11. Qe3 Nf6 12. h3 Qe8 13. Nbd2 Be6 14. Nd4 Nxd4
15. cxd4 d5 16. e5 Nd7 17. Bb2 Nb6 18. Rac1 Qd7 19. g4 h5 20. Qg3 hxg4 21. hxg4
Bh4 22. Qg2 Rh6 23. f4 Rg6 24. g5 Bh3 25. Rxc7 Qf5 26. Qf3 Bxg5 27. fxg5 Qxg5+
28. Kf2 Qh4+ 29. Ke3 Rg3 30. Rxf7+ Kg8 31. Rh1 Qg5+ 32. Rf4 Bg2 0-1

[Event "4NCL/Div2/WES1 vs. GUI3"]
[Site "Wokefield Park ENG"]
[Date "2007.05.06"]
[Round "10.8"]
[White "Morris, Claire H"]
[Black "Khoo, Selina"]
[Result "1/2-1/2"]
[WhiteElo "1880"]
[BlackElo "1995"]
[PlyCount "75"]
[EventDate "2007.05.06"]

1. e4 c6 2. d4 d5 3. exd5 cxd5 4. Nc3 Nc6 5. Bf4 a6 6. Nf3 Nf6 7. h3 Bf5 8. g4
Bg6 9. Ne5 Qb6 10. Nxc6 Qxc6 11. Bg2 e6 12. a3 Be7 13. h4 h5 14. g5 Nd7 15. Qe2
b5 16. Rh3 Nb6 17. Re3 Ra7 18. Be5 Nc4 19. Rf3 Rg8 20. Nd1 Nxe5 21. Qxe5 Bd6
22. Qe2 Qb6 23. Rc3 Kd7 24. Qd2 a5 25. Rb3 Rc8 26. Ne3 b4 27. axb4 axb4 28.
Rxa7+ Qxa7 29. Bf1 Qa1+ 30. Qd1 Qa5 31. Bd3 Bxd3 32. Qxd3 g6 33. Qe2 Qa7 34.
Qd3 Qa5 35. Qe2 Qa7 36. Qd3 Qa1+ 37. Qd1 Qa7 38. Qd3 1/2-1/2

[Event "4NCL/Div2/HKF2 vs. PPA1"]
[Site "Wokefield Park ENG"]
[Date "2007.05.06"]
[Round "10.1"]
[White "Crouch, Colin"]
[Black "Posazhennikov, Alex"]
[Result "1/2-1/2"]
[WhiteElo "2373"]
[BlackElo "2240"]
[PlyCount "184"]
[EventDate "2007.05.06"]

1. d4 d5 2. c4 e6 3. Nf3 Nf6 4. Nc3 Be7 5. Bg5 h6 6. Bh4 O-O 7. e3 b6 8. Rc1
Bb7 9. Bxf6 Bxf6 10. cxd5 exd5 11. Be2 Nd7 12. O-O Be7 13. Nd2 Re8 14. Bf3 Nf8
15. a3 Ne6 16. b4 Ng5 17. Be2 a6 18. Qb3 Qd6 19. Rfd1 Qe6 20. Nf3 Bd6 21. Nxg5
hxg5 22. Bf3 c6 23. g3 g6 24. Na4 Qf6 25. Bg2 Qd8 26. Nc3 Bc8 27. e4 dxe4 28.
Bxe4 Bd7 29. Bxg6 Qf6 30. Bb1 Bf5 31. Bxf5 Qxf5 32. Qc4 Rac8 33. Qxa6 b5 34. d5
Bf4 35. Ra1 Be5 36. d6 Bxc3 37. d7 Bxa1 38. dxc8=Q Qxc8 39. Qxc8 Rxc8 40. Rxa1
Ra8 41. Kf1 Kf8 42. Ke2 Ke7 43. Kd3 Rh8 44. Kd4 Kd6 45. Rh1 g4 46. Ke4 Ra8 47.
Rd1+ Ke6 48. Rd3 Rh8 49. Rc3 Kd6 50. Kf4 Rxh2 51. Rc2 Rh5 52. Kxg4 Rd5 53. Rc3
c5 54. bxc5+ Rxc5 55. Rf3 Ke6 56. Re3+ Kf6 57. f4 Rc4 58. Rb3 Rc5 59. Kf3 Ke6
60. Re3+ Kf6 61. g4 Rc4 62. Rb3 Kg6 63. Kg3 Ra4 64. Rxb5 Rxa3+ 65. Kh4 Ra1 66.
f5+ Kg7 67. Rb7 Kf6 68. Rb6+ Kg7 69. Kg5 Ra5 70. Rb1 Rc5 71. Rf1 Ra5 72. Kh5 f6
73. Rb1 Ra7 74. Rb6 Rc7 75. Rb4 Ra7 76. Kh4 Rc7 77. Kg3 Ra7 78. Kf4 Kf7 79. Ke4
Ke7 80. Kd5 Rd7+ 81. Kc6 Rd6+ 82. Kc5 Rd7 83. Rb8 Kf7 84. Rh8 Kg7 85. Rc8 Kf7
86. Rc6 Rd1 87. Rd6 Rc1+ 88. Kd5 Rd1+ 89. Kc6 Rc1+ 90. Kd7 Rc4 91. Kd8 Rxg4 92.
Rd7+ Kf8 1/2-1/2

[Event "4NCL/Div2/HKF2 vs. PPA1"]
[Site "Wokefield Park ENG"]
[Date "2007.05.06"]
[Round "10.2"]
[White "Swanson, Stephen"]
[Black "Broomfield, Matthew"]
[Result "1/2-1/2"]
[WhiteElo "2245"]
[BlackElo "2348"]
[PlyCount "70"]
[EventDate "2007.05.06"]

1. e4 e6 2. d3 d5 3. Nd2 e5 4. Ngf3 Nc6 5. g3 Nf6 6. Bg2 dxe4 7. dxe4 Bc5 8.
O-O O-O 9. h3 Qe7 10. c3 a5 11. a4 b6 12. Nh4 g6 13. Nb3 Ba6 14. Re1 Rfd8 15.
Qf3 Nd7 16. Bh6 Qe6 17. Nd2 Be7 18. Be3 Bxh4 19. gxh4 h5 20. Bf1 Bxf1 21. Nxf1
Qe7 22. Qg3 Kh7 23. Rad1 Rf8 24. Bc1 Nd8 25. Ne3 Ne6 26. Nd5 Qe8 27. Kh2 c6 28.
Ne3 Nf4 29. Nc4 Qe6 30. Nxe5 Nxe5 31. Bxf4 f6 32. Bc1 Rad8 33. f4 Nf7 34. f5
gxf5 35. Qf3 Qe5+ 1/2-1/2

[Event "4NCL/Div2/HKF2 vs. PPA1"]
[Site "Wokefield Park ENG"]
[Date "2007.05.06"]
[Round "10.3"]
[White "Radovanovic, Jovica"]
[Black "Harley, Andrew"]
[Result "1/2-1/2"]
[WhiteElo "2362"]
[BlackElo "2225"]
[PlyCount "35"]
[EventDate "2007.05.06"]

1. e4 e6 2. d4 d5 3. Nd2 c5 4. Ngf3 cxd4 5. exd5 Qxd5 6. Bc4 Qd6 7. O-O Nf6 8.
Nb3 Nc6 9. Nbxd4 Nxd4 10. Qxd4 Qxd4 11. Nxd4 Bd7 12. Rd1 Rc8 13. Bb3 Bc5 14.
Bg5 Ne4 15. Be3 e5 16. Nf3 Bxe3 17. fxe3 f6 18. Bd5 1/2-1/2

[Event "4NCL/Div2/HKF2 vs. PPA1"]
[Site "Wokefield Park ENG"]
[Date "2007.05.06"]
[Round "10.4"]
[White "Moore, Gerald"]
[Black "Richards, Heather"]
[Result "1/2-1/2"]
[WhiteElo "2238"]
[BlackElo "2220"]
[PlyCount "110"]
[EventDate "2007.05.06"]

1. Nf3 e6 2. g3 b6 3. Bg2 Bb7 4. O-O g6 5. d4 Bg7 6. c4 Nf6 7. Nc3 Ne4 8. Nxe4
Bxe4 9. Be3 O-O 10. Qd2 d6 11. Bg5 f6 12. Bh6 Nd7 13. Bxg7 Kxg7 14. Ng5 fxg5
15. Bxe4 Rb8 16. Rac1 h5 17. Rc3 Qe7 18. Bc6 g4 19. b4 Rf7 20. Ra3 Nf6 21. Qe3
Qf8 22. Rxa7 d5 23. Qe5 Rc8 24. b5 Kh7 25. f3 gxf3 26. Rxf3 Qe7 27. cxd5 Nxd5
28. Bxd5 exd5 29. Qxe7 Rxe7 30. Rc3 Rxe2 31. Raxc7+ Rxc7 32. Rxc7+ Kh6 33. Ra7
Kg5 34. h3 h4 35. gxh4+ Kxh4 36. a4 Kxh3 37. Ra6 g5 38. Rxb6 g4 39. Rh6+ Kg3
40. Kf1 Ra2 41. b6 Rxa4 42. b7 Rb4 43. Rh7 Kf3 44. Rf7+ Ke3 45. Kg2 Rb6 46. Kg3
Kxd4 47. Kxg4 Kd3 48. Kf3 d4 49. Rd7 Rb4 50. Kf2 Kc4 51. Ke2 Rb2+ 52. Kd1 Kd3
53. Kc1 Rb6 54. Re7 Kc3 55. Rc7+ Kd3 1/2-1/2

[Event "4NCL/Div2/HKF2 vs. PPA1"]
[Site "Wokefield Park ENG"]
[Date "2007.05.06"]
[Round "10.5"]
[White "Lindner, Daniel"]
[Black "Dunn, Andrew"]
[Result "1/2-1/2"]
[WhiteElo "2253"]
[BlackElo "2196"]
[PlyCount "85"]
[EventDate "2007.05.06"]

1. e4 c6 2. d4 d5 3. e5 c5 4. c3 Nc6 5. Nf3 Bg4 6. Be2 e6 7. Nbd2 cxd4 8. cxd4
Nge7 9. h3 Bf5 10. g4 Be4 11. O-O h5 12. Nb3 hxg4 13. hxg4 Ng6 14. Be3 Bxf3 15.
Bxf3 Qh4 16. Re1 Qh2+ 17. Kf1 Nh4 18. Nd2 Qh3+ 19. Ke2 Nxf3 20. Nxf3 Qxg4 21.
Rg1 Qf5 22. Rg3 Rh3 23. Rxh3 Qxh3 24. Qb3 O-O-O 25. Rc1 Rd7 26. Qa4 Rc7 27. b4
Qf5 28. a3 Be7 29. b5 Nb8 30. Rxc7+ Kxc7 31. Qa5+ Kc8 32. Qxa7 Qb1 33. Qa4 Qa2+
34. Bd2 Qxa3 35. Qxa3 Bxa3 36. Ng5 Bb2 37. Kd3 Ba3 38. Nxf7 Nd7 39. Ba5 Be7 40.
Ke3 Nf8 41. Kf4 Kd7 42. Kg4 Ng6 43. Ng5 1/2-1/2

[Event "4NCL/Div2/HKF2 vs. PPA1"]
[Site "Wokefield Park ENG"]
[Date "2007.05.06"]
[Round "10.6"]
[White "Byway, Paul"]
[Black "McFarland, Robert S"]
[Result "0-1"]
[WhiteElo "2159"]
[BlackElo "2233"]
[PlyCount "88"]
[EventDate "2007.05.06"]

1. d4 g6 2. Bf4 Bg7 3. e3 Nf6 4. c4 d6 5. Nc3 O-O 6. Nf3 Nbd7 7. h3 c6 8. Be2
Qe8 9. Bh2 b6 10. O-O Bb7 11. b4 a6 12. Qb3 Ra7 13. Rac1 Qa8 14. Rfe1 Re8 15.
a4 e5 16. c5 bxc5 17. bxc5 exd4 18. exd4 dxc5 19. Ng5 Nd5 20. Nxd5 cxd5 21.
dxc5 Bc6 22. a5 Qd8 23. Nf3 Qxa5 24. Bd6 h6 25. Qd3 Qa4 26. Bf1 Re4 27. Nd2
Rxe1 28. Rxe1 Nf6 29. Re7 Rxe7 30. Bxe7 a5 31. Qa6 Ne4 32. Nxe4 dxe4 33. Qc8+
Kh7 34. Bd8 Bc3 35. Qc7 Bd5 36. Qd6 Qc6 37. Ba6 a4 38. Qxc6 Bxc6 39. Bc4 Kg7
40. Be7 a3 41. Ba2 f5 42. Kf1 Bb5+ 43. Kg1 Bb2 44. g3 Be8 0-1

[Event "4NCL/Div2/HKF2 vs. PPA1"]
[Site "Wokefield Park ENG"]
[Date "2007.05.06"]
[Round "10.7"]
[White "Andersson, Christin"]
[Black "Rosen, Daniel B"]
[Result "1/2-1/2"]
[WhiteElo "2224"]
[BlackElo "2136"]
[PlyCount "52"]
[EventDate "2007.05.06"]

1. e4 g6 2. d4 Bg7 3. Be3 d6 4. Nc3 c6 5. f4 Nf6 6. Be2 O-O 7. e5 Nd5 8. Nxd5
cxd5 9. Nf3 Nc6 10. O-O dxe5 11. fxe5 f6 12. c4 fxe5 13. cxd5 Nxd4 14. Nxd4
exd4 15. Rxf8+ Qxf8 16. Bxd4 Qf4 17. Bxg7 Qe3+ 18. Kh1 Kxg7 19. Bf3 Bf5 20. Qf1
Rc8 21. Re1 Qg5 22. Qe2 Rc1 23. b3 Rxe1+ 24. Qxe1 b6 25. h3 Qf6 26. Qe2 Qd6
1/2-1/2

[Event "4NCL/Div2/HKF2 vs. PPA1"]
[Site "Wokefield Park ENG"]
[Date "2007.05.06"]
[Round "10.8"]
[White "Bentley, Emma"]
[Black "Parmar, Amisha"]
[Result "0-1"]
[WhiteElo "1405"]
[BlackElo "1994"]
[PlyCount "102"]
[EventDate "2007.05.06"]

1. e4 c5 2. Nf3 d6 3. h3 Nf6 4. Nc3 g6 5. Bc4 Bg7 6. d3 O-O 7. O-O Nc6 8. Re1
a6 9. Bb3 b5 10. Nd5 Bb7 11. a4 e6 12. Nxf6+ Bxf6 13. c3 b4 14. Bd2 Qb6 15. Qc2
Rfc8 16. Qb1 Na5 17. Qa2 bxc3 18. bxc3 Qxb3 19. Qxb3 Nxb3 20. Rab1 Nxd2 21.
Nxd2 Bc6 22. Nc4 Rd8 23. Nb6 Rab8 24. Rec1 Bg5 25. Rd1 Bf6 26. Rdc1 d5 27. exd5
exd5 28. c4 dxc4 29. Rxc4 Rxd3 30. Rxc5 Bxa4 31. Rc8+ Rxc8 32. Nxc8 Rd1+ 33.
Rxd1 Bxd1 34. Nd6 a5 35. Ne4 Bb2 36. Nd2 a4 37. Nc4 Bc3 38. Na3 Bb4 39. Nb5 Be2
40. Nd4 a3 41. Nc2 a2 42. Kh2 Bd6+ 43. g3 Bd3 44. Na1 Be5 45. Nb3 Bc2 46. Nd2
a1=Q 47. Nf3 Be4 48. Ng1 Qf1 49. f3 Bd4 50. h4 Bxg1+ 51. Kh1 Bxf3# 0-1

[Event "4NCL/Div2/SLOS2 vs. CAMB1"]
[Site "Wokefield Park ENG"]
[Date "2007.05.06"]
[Round "10.1"]
[White "Rees, Ioan"]
[Black "Mah, Karl C C"]
[Result "1/2-1/2"]
[WhiteElo "2257"]
[BlackElo "2418"]
[PlyCount "86"]
[EventDate "2007.05.06"]

1. d4 d6 2. Nf3 Nf6 3. c4 Nbd7 4. Nc3 e5 5. e4 Be7 6. Be2 O-O 7. O-O c6 8. Be3
Re8 9. d5 Nf8 10. Ne1 Ng6 11. Nd3 Nd7 12. Qd2 Nb6 13. b3 cxd5 14. Bxb6 Qxb6 15.
Nxd5 Qd8 16. Nxe7+ Qxe7 17. Rfd1 Be6 18. g3 Red8 19. Bf3 Qc7 20. Bg2 a5 21. f4
exf4 22. gxf4 f5 23. exf5 Bxf5 24. Nf2 Ne7 25. Rac1 Kh8 26. Ne4 Bxe4 27. Bxe4
Ng8 28. Rc3 Nf6 29. Bg2 h6 30. Qd4 Rab8 31. h3 b6 32. Rcd3 Rd7 33. Qf2 b5 34.
cxb5 Rxb5 35. Qd2 d5 36. Rc3 Rc5 37. Rdc1 Rxc3 38. Rxc3 Qb6+ 39. Kh1 Rd8 40.
Rd3 Qc5 41. Rd4 Rb8 42. Rd3 Rd8 43. Rd4 Rb8 1/2-1/2

[Event "4NCL/Div2/SLOS2 vs. CAMB1"]
[Site "Wokefield Park ENG"]
[Date "2007.05.06"]
[Round "10.2"]
[White "Dearing, Eddie"]
[Black "Williams, Samuel G"]
[Result "1/2-1/2"]
[WhiteElo "2384"]
[BlackElo "2254"]
[PlyCount "80"]
[EventDate "2007.05.06"]

1. d4 Nf6 2. c4 g6 3. Nc3 d5 4. Bg5 Ne4 5. Bh4 Nxc3 6. bxc3 dxc4 7. e3 Bg7 8.
Bxc4 O-O 9. Nf3 b6 10. Qe2 Bb7 11. O-O Nd7 12. a4 a6 13. Rad1 Qe8 14. Rfe1 Nf6
15. Qc2 Ne4 16. Bd3 f5 17. Qb3+ Kh8 18. a5 b5 19. Bxe4 Bxe4 20. Ne5 Bxe5 21.
dxe5 g5 22. Bg3 Qg6 23. f3 Bc6 24. Rd4 f4 25. exf4 gxf4 26. Bxf4 Bxf3 27. Bg3
Bg4 28. Qb4 Be6 29. Qxe7 Rf7 30. Rd8+ Rxd8 31. Qxd8+ Kg7 32. Bh4 Rd7 33. Qf6+
Qxf6 34. Bxf6+ Kg6 35. Re3 Rd2 36. Rg3+ Kf5 37. Rg7 Bd5 38. h4 h6 39. Rxc7
Rxg2+ 40. Kf1 Rc2 1/2-1/2